| 000 | 00791nam a22002777a 4500 | ||
|---|---|---|---|
| 003 | CHAP | ||
| 005 | 20220817041243.0 | ||
| 008 | 971013s1978 r 00010 d | ||
| 010 | _a9668 | ||
| 011 | _a10640 | ||
| 035 | _a9878 | ||
| 040 | _cCHAP | ||
| 082 |
_a636.5 _bN67 1978 |
||
| 100 | 0 | 0 |
_aNorth, Mack O. _981812 |
| 245 | _aCommercial chicken production manual | ||
| 250 | _a2 ed. | ||
| 260 |
_aWestport, Connecticut. : _bAVI Publishing Company, _c1978 |
||
| 300 |
_a692 p. _b: tabs. ; gráfs. |
||
| 590 |
_aBATCH-UPD _b10 _c20130110 _lUCH01 _h1759 |
||
| 590 |
_aCONVERSION _b10 _c20130109 _lUCH01 _h1306 |
||
| 650 | 1 | 4 |
_aAves de corral. _98636 |
| 650 | 1 | 4 | _aAvicultura. |
| 901 | _aBK | ||
| 942 | _cLIBRO | ||
| 949 |
_a636.5 N67 1978 _bBC _cLIBRO _d33724000102893 _eLIBRO _h48550 _i9878 _si |
||
| 999 |
_c9668 _d9668 |
||